000 00576nam a22002057a 4500
003 DEla salle
005 20140310182800.0
008 130213t xxu||||| |||| 00| 0 eng d
020 _a9814096784
050 _aGV 1114.3
_bH355 2000
082 _aM 796.815
_bH27 2000
245 _aThe complete idiot's guide to karate /
_cHassell, Randall G.
260 _aSingapore
_bPearson Education Asia
_cc2000
300 _axviii, 339 p. :
_c24 cm.
_bill.
521 _acollege students
526 _c1210L-1700L
541 _j1
562 _e1
942 _2lcc
_cBK
_kM
999 _c15959
_d15959